Good Cheer Stories Every Child Should Know (Record no. 249164)
[ view plain ]
| 000 -LEADER | |
|---|---|
| fixed length control field | 01994cam a22002653a 4500 |
| 001 - CONTROL NUMBER | |
| control field | 19909 |
| 003 - CONTROL NUMBER IDENTIFIER | |
| control field | PGUSA |
| 005 - DATE AND TIME OF LATEST TRANSACTION | |
| control field | 20140828083424.0 |
| 008 - FIXED-LENGTH DATA ELEMENTS--GENERAL INFORMATION | |
| fixed length control field | 061123s2006||||xxu|||||s|||||000 1 eng d |
| 040 ## - CATALOGING SOURCE | |
| Original cataloging agency | PGUSA |
| Language of cataloging | eng |
| 042 ## - AUTHENTICATION CODE | |
| Authentication code | dc |
| 050 #4 - LIBRARY OF CONGRESS CALL NUMBER | |
| Classification number | PZ |
| 245 10 - TITLE STATEMENT | |
| Title | Good Cheer Stories Every Child Should Know |
| Medium | [electronic resource] |
| 260 ## - PUBLICATION, DISTRIBUTION, ETC. (IMPRINT) | |
| Name of publisher, distributor, etc | Project Gutenberg, |
| Date of publication, distribution, etc | 2006 |
| 505 0# - FORMATTED CONTENTS NOTE | |
| Formatted contents note | The Kingdom of the Greedy. By Stahl -- Thankful. By Freeman -- Beetle Ring's Thanksgiving Mascot. By Stoddard -- Mistress Esteem Elliott's Molasses Cake. By Clark -- The First Thanksgiving. By Blaisdell and Ball -- Thanksgiving at Todd's Asylum. By Packard -- How We Kept Thanksgiving at Oldtown. By Stowe -- Wishbone Valley. By Munkittrick -- Patem's Salmagundi. By Brooks -- Miss November's Dinner Party. By Carr -- The Visit. By Lindsay -- The Story of Ruth and Naomi. Adapted from the Bible -- Bert's Thanksgiving. By Trowbridge -- A Thanksgiving Story. By Pingree -- John Inglefield's Thanksgiving. By Hawthorne -- How Obadiah Brought About a Thanksgiving. By Leland -- The White Turkey's Wing. By Swet -- The Thanksgiving Goose. By Brown -- An English Dinner of Thanksgiving. By Eliot -- A Novel Postman. By Wheildon -- Ezra's Thanksgivin' Out West. By Field -- Chip's Thanksgiving. By Donnell -- The Master of the Harvest. By Gatty -- A Thanksgiving Dinner. By Brett -- Two Old Boys. By Colyar -- A Thanksgiving Dinner That Flew Away. By Butterworth -- Mon-daw-min. By Schoolcraft -- A Mystery in the Kitchen. By Miller -- Who Ate the Dolly's Dinner? By Curtis -- An Old-fashioned Thanksgiving. By Cooke -- 1800 and Froze to Death. By Stephens. |
| 506 ## - RESTRICTIONS ON ACCESS NOTE | |
| Terms governing access | Public domain in the USA. |
| 516 ## - TYPE OF COMPUTER FILE OR DATA NOTE | |
| Type of computer file or data note | Electronic text |
| 653 ## - INDEX TERM--UNCONTROLLED | |
| Uncontrolled term | Short stories |
| 653 ## - INDEX TERM--UNCONTROLLED | |
| Uncontrolled term | Children's stories, American |
| 653 ## - INDEX TERM--UNCONTROLLED | |
| Uncontrolled term | Thanksgiving Day -- Juvenile fiction |
| 700 1# - ADDED ENTRY--PERSONAL NAME | |
| Personal name | Dickinson, Asa Don, |
| Dates associated with a name | 1876-1960 |
| 830 #0 - SERIES ADDED ENTRY--UNIFORM TITLE | |
| Uniform title | Project Gutenberg |
| Volume number/sequential designation | 19909 |
| 856 40 - ELECTRONIC LOCATION AND ACCESS | |
| Uniform Resource Identifier | <a href="http://www.gutenberg.org/ebooks/19909">http://www.gutenberg.org/ebooks/19909</a> |
| 942 ## - ADDED ENTRY ELEMENTS (KOHA) | |
| Koha item type | eBooks |
| Withdrawn status | Lost status | Damaged status | Home library | Current library | Date acquired | Total Checkouts | Date last seen | Price effective from | Koha item type |
|---|---|---|---|---|---|---|---|---|---|
| Project Gutenberg | Project Gutenberg | 08/28/2014 | 08/28/2014 | 08/28/2014 | eBooks |